Fields and methods of sociology (Record no. 394559)

MARC details
000 -LEADER
fixed length control field 00484 a2200193 4500
005 - DATE & TIME
control field 20260206115923.0
008 - FIXED-LENGTH DATA ELEMENTS--GENERAL INFORMATION
fixed length control field 260206b |||||||| |||| 00| 0 eng d
020 ## - ISBN
International Standard Book Number 9789363989290
Price Rs. 2795.00
040 ## - CATALOGING SOURCE
Original cataloging agency VIVEKANANDA LIBRARY
082 ## - DDC NUMBER
Classification number 301.01
Book Number B456F(2)
100 ## - MAIN ENTRY--PERSONAL NAME
Personal name Bernard, L L
245 ## - TITLE STATEMENT
Title Fields and methods of sociology
250 ## - EDITION STATEMENT
Edition statement 2nd
260 ## - PUBLICATION, DISTRIBUTION, ETC. (IMPRINT)
Name of publisher, distributor, etc Nation Press
Date of publication, distribution, etc 2026
Place of publication, distribution, etc New Delhi
300 ## - PHYSICAL DESCRIPTION
Pages xvi, 529
650 ## - Subject
Subject Sociology
650 ## - Subject
Subject Social Science
942 ## - ADDED ENTRY ELEMENTS (KOHA)
Koha item type Books
Holdings
Withdrawn status Lost status Source of classification or shelving scheme Damaged status Not for loan Location (home branch) Sublocation or collection (holding branch) Shelving location Date acquired Koha issues (times borrowed) Koha full call number Accession No. Koha date last seen Koha item type
    Dewey Decimal Classification     VIVEKANANDA LIBRARY VIVEKANANDA LIBRARY Vivekananda Library 27/01/2026   301.01 B456F(2) 444341 27/01/2026 Books
© Designed and Maintained by Vivekananda Library, MDU Rohtak